000 00417nam a22001817a 4500
003 OSt
005 20210920102021.0
008 210920b |||||||| |||| 00| 0 eng d
020 _a1-56670-546-0
040 _cHU
082 _a615.902
100 _aDAVID J. HOFFMAN
_94965
245 _aHandbook of Ecotoxicology
250 _a2nd
260 _aBoca Raton
_bLEWIS
_c2003
300 _a1290
942 _2ddc
_cBOOKS
_n0
999 _c4948
_d4948